00389nam a2200169Ia 4500008004100000041001200041082001000053082001100063100001600074100002100090100001100111245002800122260001100150260002600161260000900187650002300196150901s9999 xx 000 0 und d aEnglish a660.6 bRED/MI aReddy S M  aSrivastava H P  eEditor aMicrobial biotechnology aJaipur bScientific Publishers c1997 aIndustrial Biology